|
|
|
|
| LEADER |
00000nab a2200000 a 4500 |
| 001 |
vtls000064215 |
| 003 |
SK-MaSNL |
| 005 |
20260304072420.0 |
| 008 |
250423c1980 xo 0 slo |
| 015 |
|
|
|a SNBRB19rr/mm-uuuuu
|
| 035 |
|
|
|a CL0074315
|
| 035 |
|
|
|a urn:nbn:sk:snk-abb8zz
|
| 035 |
|
|
|a (urnnbn)urn:nbn:sk:snk:ar-000rdw
|
| 035 |
|
|
|a (uuid)e3357129-f198-4075-bf43-10207a54ba08
|
| 040 |
|
|
|a SNKBUCL
|b slo
|c SNKBUCL
|e AACR2
|
| 041 |
0 |
|
|a slo
|
| 044 |
|
|
|a xo
|c SK
|
| 080 |
|
|
|a 581.5
|2 1981
|
| 100 |
1 |
|
|a Michalko, Ján,
|d 1921-1999
|4 aut
|9 251079
|
| 245 |
1 |
0 |
|a Horské vrcholové rastlinné spoločenstvá v pohorí Vihorlat (východné Slovensko)
|c Ján Michalko
|
| 300 |
|
|
|b Res. rus.
|
| 650 |
0 |
7 |
|a rastliny horské
|2 snkbucl
|9 1360063
|
| 650 |
0 |
7 |
|a rastlinné spoločenstvá
|2 snkbucl
|9 29333
|
| 650 |
0 |
7 |
|a Vihorlatská Sĺňava (Slovensko)
|2 snkbucl
|9 988671
|
| 655 |
|
7 |
|a články z novín a časopisov
|2 snkbucl
|9 267496
|
| 773 |
0 |
|
|t Biológia
|g Roč. 35, č. 7 (1980), s. 489-495
|
| 850 |
|
|
|a Slovenská národná knižnica
|
| 852 |
|
|
|a Slovenská národná knižnica
|
| 954 |
|
|
|a odborná, vedecká literatúra pôvodná (slovenská)
|2 lita
|
| 958 |
|
|
|a article15
|
| 958 |
|
|
|a OND
|
| 958 |
|
|
|a RK
|
| 958 |
|
|
|a EUIPO
|
| 992 |
|
|
|a RBX
|
| 999 |
|
|
|c 2766400
|d 2768330
|